000 00301nam a22001337a 4500
008 170905b xxu||||| |||| 00| 0 eng d
020 _a9780312413231
041 _aeng
080 _23 ED
_a070
100 _a40
101 _aMED
245 _aTHE EVERYDAY WRITER
_cLUNSFORD.A.A
942 _2udc
_cBK
999 _c26158
_d26158